|
|
|
|
| LEADER |
00000naa2a2200000 4500 |
| 001 |
233673 |
| 005 |
20260116092714.0 |
| 035 |
|
|
|a (RuTPU)RU\TPU\book\254752
|
| 035 |
|
|
|a RU\TPU\book\254722
|
| 090 |
|
|
|a 233673
|
| 100 |
|
|
|a 20130307d2012 k y0rusy50 ca
|
| 101 |
0 |
|
|a rus
|
| 102 |
|
|
|a RU
|
| 135 |
|
|
|a drcn ---uucaa
|
| 181 |
|
0 |
|a i
|
| 182 |
|
0 |
|a b
|
| 200 |
1 |
|
|a Электрохимический синтез нанодисперсных оксидов металлов
|f В. В. Коробочкин
|
| 203 |
|
|
|a Текст
|c электронный
|
| 215 |
|
|
|a 1 файл (440 Кб)
|
| 225 |
1 |
|
|a Современные технологии подготовки освоения и переработки минерального и углеводородного сырья
|
| 300 |
|
|
|a Заглавие с титульного листа
|
| 337 |
|
|
|a Adobe Reader
|
| 461 |
|
1 |
|0 (RuTPU)RU\TPU\book\252494
|t Проблемы геологии и освоения недр
|o труды XVI Международного симпозиума имени академика М. А. Усова студентов и молодых ученых, Томск, 2-7 апреля 2012 г.
|o в 2 т.
|f Национальный исследовательский Томский политехнический университет (ТПУ), Институт природных ресурсов (ИПР) ; Общество инженеров-нефтяников, Студенческий чаптер ; под ред. О. Г. Савичева
|d 2012
|
| 463 |
|
1 |
|0 (RuTPU)RU\TPU\book\252518
|t Т. 2
|v [С. 254-255]
|d 2012
|
| 610 |
1 |
|
|a труды учёных ТПУ
|
| 610 |
1 |
|
|a электронный ресурс
|
| 610 |
1 |
|
|a электрохимический синтез
|
| 610 |
1 |
|
|a нанодисперсные оксиды
|
| 610 |
1 |
|
|a оксиды металлов
|
| 610 |
1 |
|
|a электрохимический синтез
|
| 700 |
|
1 |
|a Коробочкин
|b В. В.
|c российский химик-технолог
|c профессор Томского политехнического университета, доктор технических наук
|f 1951-
|g Валерий Васильевич
|3 (RuTPU)RU\TPU\pers\27915
|
| 801 |
|
1 |
|a RU
|b 63413507
|c 20130205
|
| 801 |
|
2 |
|a RU
|b 63413507
|c 20130515
|g RCR
|
| 856 |
4 |
|
|u http://www.lib.tpu.ru/fulltext/c/2012/C11/V2/107.pdf
|
| 942 |
|
|
|c CF
|